[Event "Unterfranken-ch M2 60th"]
[Site "Obernau"]
[Date "2009.04.16"]
[Round "6"]
[White "Sittinger, Lutz"]
[Black "Saftenberger, Wolfgang"]
[Result "1-0"]
[WhiteElo "1841"]
[BlackElo "1650"]
[PlyCount "63"]
[EventDate "2009.04.13"]
[EventType "swiss"]
[EventRounds "9"]
[EventCountry "GER"]
[SourceTitle "EXT 2015"]
[Source "ChessBase"]
[SourceDate "2014.11.20"]
[SourceVersion "1"]
[SourceVersionDate "2014.11.20"]
[SourceQuality "1"]

1. d4 d5 2. c4 Nf6 3. Nc3 e6 4. Bg5 Be7 5. e3 0-0 6. Nf3 Nbd7 7. Bd3 dxc4 8. Bxc4 b6 9. 0-0 Bb7 10. Rc1 Rc8 11. a3 c5 12. dxc5 Nxc5 13. Qe2 Nce4 14. Rfd1 Nxc3 15. Rxc3 Nd5 16. Bxd5 exd5 17. Rxc8 Bxc8 18. Bxe7 Qxe7 19. Rxd5 Bg4 20. Rd4 Bh5 21. Qd1 Rc8 22. g4 Bg6 23. Rd7 Qe8 24. Rxa7 h5 25. h3 hxg4 26. hxg4 Qc6 27. Ne5 Qe4 28. Nxg6 Qxg6 29. Rd7 Rc2 30. Rd6 Qe4 31. Rxb6 Qc4 32. Qd8+ 1-0

[Event "Unterfranken-ch HA 59th"]
[Site "Rieneck"]
[Date "2008.03.25"]
[Round "3"]
[White "Saftenberger, Wolfgang"]
[Black "Popp, Maximilian"]
[Result "1-0"]
[WhiteElo "1676"]
[BlackElo "1562"]
[PlyCount "67"]
[EventDate "2008.03.24"]
[EventType "swiss"]
[EventRounds "9"]
[EventCountry "GER"]
[SourceTitle "EXT 2015"]
[Source "ChessBase"]
[SourceDate "2014.11.20"]
[SourceVersion "1"]
[SourceVersionDate "2014.11.20"]
[SourceQuality "1"]

1. d4 Nf6 2. Nf3 e6 3. c4 c5 4. e3 d5 5. Nc3 cxd4 6. Nxd4 Bb4 7. Bd2 0-0 8. cxd5 Nxd5 9. Rc1 b6 10. Nxd5 Bxd2+ 11. Qxd2 Qxd5 12. Nb3 Bb7 13. f3 Qxd2+ 14. Nxd2 Bd5 15. b3 e5 16. Bd3 Nd7 17. e4 Be6 18. Ke2 Rfd8 19. Rhd1 Nc5 20. Bc4 Bxc4+ 21. Nxc4 f6 22. Rxd8+ Rxd8 23. Rd1 Rxd1 24. Kxd1 b5 25. Ne3 a5 26. Kd2 Kf7 27. Kc3 Ke6 28. b4 axb4+ 29. Kxb4 Na4 30. a3 g6 31. Kxb5 Nb2 32. a4 Kd7 33. a5 Kc8 34. a6 1-0

[Event "Unterfranken-ch M2 58th"]
[Site "Wuerzburg"]
[Date "2007.??.??"]
[Round "1"]
[White "Saftenberger, Wolfgang"]
[Black "Drescher, Frank"]
[Result "1/2-1/2"]
[WhiteElo "1668"]
[BlackElo "1854"]
[PlyCount "37"]
[EventDate "2007.04.09"]
[EventType "swiss"]
[EventRounds "9"]
[EventCountry "GER"]
[SourceTitle "EXT 2015"]
[Source "ChessBase"]
[SourceDate "2014.11.20"]
[SourceVersion "1"]
[SourceVersionDate "2014.11.20"]
[SourceQuality "1"]

1. d4 Nf6 2. Nf3 g6 3. c4 Bg7 4. Nc3 d6 5. g3 0-0 6. Bg2 Nbd7 7. 0-0 e5 8. Bg5 h6 9. dxe5 dxe5 10. Bxf6 Qxf6 11. Qc2 c6 12. Rad1 Nc5 13. Nd2 Ne6 14. Nde4 Qe7 15. e3 f5 16. Nd6 Rd8 17. Nxc8 Raxc8 18. Rxd8+ Rxd8 19. Rd1 1/2-1/2

[Event "Unterfranken-ch M2 58th"]
[Site "Wuerzburg"]
[Date "2007.??.??"]
[Round "7"]
[White "Saftenberger, Wolfgang"]
[Black "Hassler, Guenther"]
[Result "0-1"]
[WhiteElo "1668"]
[BlackElo "1793"]
[PlyCount "60"]
[EventDate "2007.04.09"]
[EventType "swiss"]
[EventRounds "9"]
[EventCountry "GER"]
[SourceTitle "EXT 2015"]
[Source "ChessBase"]
[SourceDate "2014.11.20"]
[SourceVersion "1"]
[SourceVersionDate "2014.11.20"]
[SourceQuality "1"]

1. d4 f5 2. Nf3 Nf6 3. g3 d5 4. Bg2 c6 5. 0-0 e6 6. Nbd2 Bd6 7. e3 0-0 8. c4 Ne4 9. a3 Nd7 10. b4 a6 11. Nxe4 fxe4 12. Nd2 b5 13. cxb5 axb5 14. Nb3 Nb6 15. Na5 Qc7 16. Qc2 Bd7 17. Bd2 e5 18. dxe5 Bxe5 19. Bc3 Bf6 20. Rad1 Bg4 21. Rd2 Bf3 22. Bd4 Bxd4 23. Rxd4 Rf6 24. Rd2 Qd7 25. Qc5 Na4 26. Qc2 c5 27. Nb3 c4 28. Nc1 c3 29. Rd4 Bxg2 30. Kxg2 Raf8 0-1

[Event "Unterfranken-ch HA 56th"]
[Site "Stetten"]
[Date "2005.03.30"]
[Round "5"]
[White "Saftenberger, Wolfgang"]
[Black "Biskopp, Wolf Ulrich"]
[Result "1-0"]
[WhiteElo "1752"]
[BlackElo "1563"]
[PlyCount "55"]
[EventDate "2005.03.28"]
[EventType "swiss"]
[EventRounds "9"]
[EventCountry "GER"]
[SourceTitle "EXT 2015"]
[Source "ChessBase"]
[SourceDate "2014.11.20"]
[SourceVersion "1"]
[SourceVersionDate "2014.11.20"]
[SourceQuality "1"]

1. d4 Nf6 2. c4 d6 3. Nc3 g6 4. e4 Bg7 5. g3 0-0 6. Bg2 e5 7. d5 Nbd7 8. Nge2 Nb6 9. b3 c6 10. dxc6 bxc6 11. 0-0 Be6 12. Ba3 Ne8 13. c5 Nc8 14. cxd6 Nexd6 15. Rc1 Re8 16. Na4 Nb5 17. Bb2 Ne7 18. Nc5 Qb6 19. Nxe6 fxe6 20. Qc2 Red8 21. Rfd1 Nd4 22. Qc4 c5 23. Nxd4 cxd4 24. Qc7 Kf7 25. Ba3 Bf8 26. Qxe5 Ke8 27. Bb2 Nc6 28. Qxe6+ 1-0

[Event "Unterfranken-ch M2 55th"]
[Site "Bad Koenigshofen"]
[Date "2004.04.13"]
[Round "3"]
[White "Saftenberger, Wolfgang"]
[Black "Feichtner, Erich"]
[Result "1/2-1/2"]
[WhiteElo "1746"]
[BlackElo "1885"]
[PlyCount "67"]
[EventDate "2004.04.12"]
[EventType "swiss"]
[EventRounds "9"]
[EventCountry "GER"]
[SourceTitle "EXT 2015"]
[Source "ChessBase"]
[SourceDate "2014.11.20"]
[SourceVersion "1"]
[SourceVersionDate "2014.11.20"]
[SourceQuality "1"]

1. d4 d5 2. Nf3 Nf6 3. c4 e6 4. Nc3 c5 5. cxd5 exd5 6. dxc5 Bxc5 7. e3 0-0 8. Be2 Nc6 9. 0-0 Re8 10. b3 Bf5 11. Nb5 Ne4 12. Bb2 Qd7 13. Rc1 Bb4 14. Nbd4 Rad8 15. Nxc6 bxc6 16. Ne5 Qb7 17. Nxc6 Rd6 18. Nd4 Bd7 19. Nf3 Rh6 20. Be5 f6 21. Bg3 g5 22. Nd4 Nxg3 23. hxg3 Qb8 24. Bg4 Qd6 25. Bxd7 Qxd7 26. Qf3 Re5 27. Rfd1 g4 28. Qe2 Reh5 29. f4 gxf3 30. Qxf3 Rh1+ 31. Kf2 Rxd1 32. Rxd1 Rg6 33. Nf5 d4 34. exd4 1/2-1/2